00885nam a2200169Ia 450000500170000000800410001702000150005808200130007310000170008624500600010326000390016330000140020250003830021694200060059995200950060599900150070020240603234015.0240331s9999 xx 000 0 und d a9559136151 bWIJa351 aWijesinha, R 0aCivil strife in Sri Lanka :bthe UNP government 1989-94 aUnion Place bMcCallum Booksc1995 av,180 p., aThis book begins with a succinct account of how Ranasinghe Premadasa emerged against heavy odds as the leader of the UNP. It describes his victory at the 1988 Presidential election, and the establishment of a highly personalized regime. The conflict with the Tigers is described, as well as the emergence of opposition within his own party that led to an attempt at impeachment. cL 001040708LaWERCLbWERCLcSSCd2024-03-31l0o 351 WIJp5080r2024-03-31w2024-03-31yL c2862d2862